Score 0/15 Timer 05:00
1 Play Today
Question Answer Wrong Answers
The fear of confined spaces Claustrophobia
94.7%
Cyanophobia
0.7%
Barophobia
0.6%
Atelophobia
0.6%
The fear of medication Pharmacophobia
93.5%
Phobophobia
1.2%
Prosophobia
1.2%
Pyrophobia
0.9%
The fear of death or the dead Necrophobia
89.8%
Osmophobia
2.4%
Mysophobia
2.8%
Astraphobia
1.7%
The fear of plants Botanophobia
87.9%
Bufonophobia
1.1%
Algophobia
3.5%
Agyrophobia
4.3%
The fear of noise Acousticophobia
87.6%
Osmophobia
4.7%
Tetraphobia
2.4%
Apeirophobia
2%
The fear of strangers or foreigners Xenophobia
83.3%
Turophobia
4.8%
Philophobia
5.4%
Lilapsophobia
3.1%
The fear of heights Acrophobia
82.2%
Gelotophobia
4.6%
Ablutophobia
8.1%
Radiophobia
1.8%
The fear of ghosts Phasmophobia
82.2%
Scopophobia
5.9%
Oikophobia
3.9%
Frigophobia
4.8%
The fear of everything Panphobia
75.5%
Thermophobia
2%
Xylophobia
13.5%
Gephyrophobia
5.8%
The fear of mice Musophobia
66.8%
Herpetophobia
19.7%
Neophobia
5.5%
Equinophobia
4.6%
The fear of freedom Eleutherophobia
55.5%
Dendrophobia
12.3%
Heliophobia
17.4%
Myrmecophobia
11.1%
The fear of isolation Autophobia
53.5%
Emetophobia
10.6%
Urophobia
13%
Zelophobia
19.5%
The fear of being robbed Harpaxophobia
51.1%
Aurophobia
12.6%
Ichthyophobia
15.5%
Globophobia
17.3%
The fear of snakes Ophidiophobia
39.8%
Entomophobia
19.3%
Cynophobia
12.2%
Selachophobia
25.2%
The fear of crowds Enochlophobia
30.9%
Chiroptophobia
11.3%
Oneirophobia
27.3%
Nostophobia
27%

You're not logged in!

Compare scores with friends on all Sporcle quizzes.
OR
Log In

Sporcle TV

Today on Sporcle TV


Watch our educational content, quiz creation guides, and fun videos on Sporcle TV.

Show Comments

Extras

Top Quizzes Today


Score Distribution

Your Account Isn't Verified!

In order to create a playlist on Sporcle, you need to verify the email address you used during registration. Go to your Sporcle Settings to finish the process.

Report this User

Report this user for behavior that violates our Community Guidelines.

Details: